Statistiques concernant Capitales commençant par L

Cliquez ici pour prendre le quiz!

Statistiques générales

  • Ce quiz a été pris 623 fois
    (474 depuis la dernière actualisation)
  • Le résultat moyen est 9 sur 15

Statistiques - réponses

Capitales% Correct
Lima
78%
Lisbonne
77%
Luxembourg
74%
Londres
73%
Luanda
71%
Lomé
68%
Le Caire
67%
Ljubljana
63%
La Havane
62%
Lusaka
59%
La Valette
55%
Libreville
55%
Le Cap
51%
La Paz
48%
Lilongwe
47%

Distribution des résultats

Percentile par nombre de réponses

% des personnes avec chaque résultat

Votre développement - résultats

Vous n’avez pas pris ce quiz depuis la dernière actualisation